[Event "Euskadi-chTA"]
[Site "Euskadi"]
[Date "2000.12.02"]
[Round "3"]
[White "Nava Pereda, Carlos"]
[Black "Martin Mas, Juan Martin"]
[Result "1-0"]
[WhiteElo "2302"]
[BlackElo "2090"]
[PlyCount "48"]
[EventDate "2000.11.18"]
[EventType "team-tourn"]
[EventRounds "9"]
[EventCountry "ESP"]
[SourceTitle "EXT 2006"]
[Source "ChessBase"]
[SourceDate "2005.11.24"]
[SourceVersion "1"]
[SourceVersionDate "2005.11.24"]
[SourceQuality "1"]

1. Nf3 Nf6 2. c4 e6 3. g3 d5 4. Bg2 Be7 5. 0-0 0-0 6. d4 c6 7. Qc2 Nbd7 8. Rd1 Re8 9. Nbd2 Bd6 10. e4 dxe4 11. Nxe4 Nxe4 12. Qxe4 Qe7 13. Ne5 f6 14. Nxd7 Bxd7 15. Qc2 e5 16. c5 Bb8 17. d5 cxd5 18. Bxd5+ Be6 19. Qb3 Bxd5 20. Rxd5 Kh8 21. Be3 b6 22. Rad1 e4 23. Rd7 Qf8 24. Rf7 Qg8 1-0